Antología de la literatura Gay en la Republica Dominicana / (Registro nro. 24244)

Detalles MARC
000 -LEADER
fixed length control field 00694nam a22002057a 4500
003 - CONTROL NUMBER IDENTIFIER
control field DO-CoUTE
005 - DATE AND TIME OF LATEST TRANSACTION
control field 20260528131233.0
008 - FIXED-LENGTH DATA ELEMENTS--GENERAL INFORMATION
fixed length control field 260528b dr ||||| |||| 00| 0 spa d
040 ## - CATALOGING SOURCE
Original cataloging agency DO-CoUTE
Language of cataloging spa
Transcribing agency DO-CoUTE
082 ## - DEWEY DECIMAL CLASSIFICATION NUMBER
Classification number RD860.97293G216A
100 1# - MAIN ENTRY--PERSONAL NAME
Personal name Garcia, Melida
Relator term Autor
245 10 - TITLE STATEMENT
Title Antología de la literatura Gay en la Republica Dominicana /
Statement of responsibility, etc. Mélida Garcia, miguel de Camps Jiménez
260 ## - PUBLICATION, DISTRIBUTION, ETC.
Place of publication, distribution, etc. Republica Dominicana ;
Name of publisher, distributor, etc. Manatí,
Date of publication, distribution, etc. 2004
300 ## - PHYSICAL DESCRIPTION
Extent 365 Paginas :
Dimensions 22x23cm,
504 ## - BIBLIOGRAPHY, ETC. NOTE
Bibliography, etc. note Incluye referencia bibliográfica e índice.
650 #4 - SUBJECT ADDED ENTRY--TOPICAL TERM
Topical term or geographic name entry element Antología
700 1# - ADDED ENTRY--PERSONAL NAME
Personal name Mélida Garcia
Relator term Autor
700 1# - ADDED ENTRY--PERSONAL NAME
Personal name Miguel de Camps Jimenez
Relator term Autor
942 ## - ADDED ENTRY ELEMENTS (KOHA)
Source of classification or shelving scheme Dewey Decimal Classification
Koha item type Libros
Existencias
Withdrawn status Lost status Source of classification or shelving scheme Damaged status Not for loan Collection code Home library Current library Shelving location Date acquired Inventory number Total Checkouts Full call number Barcode Date last seen Copy number Price effective from Koha item type
    Dewey Decimal Classification     Colección Dominicana Biblioteca UTECO Biblioteca UTECO En Estantería 05/28/2026 023832   RD860.97293G216A 023832 05/28/2026 Ej.1 05/28/2026 Libros
© 2021 Derechos Reservados UTECO - Teléfono: +1 809-585-2291 - Correo electrónico: biblioteca@uteco.edu.do​  
Código postal 43000 ​​
Dirección: Avenida Universitaria No. 100, 
Cotuí, Provincia Sánchez Ramírez, República Dominicana - RNC: 404-00059-6